Lana del Rey - toutes les chansons - Statistiques

Statistiques générales
  • Ce quiz a été pris 679 fois
  • Le résultat moyen est 47 sur 162
Statistiques - réponses
Hint Réponse % Correct
Born to Die Born To Die
86%
Summertime Sadness
82%
Video Games
75%
Ultraviolence
74%
Lust For Life
66%
Norman Fucking Rockwell! Norman fucking Rockwell
66%
Brooklyn Baby
64%
Honeymoon Honeymoon
63%
Blue Jeans
60%
Cinnamon Girl
59%
West Coast
58%
The Paradise Edition Ride
57%
Chemtrails Over The Country Club
56%
Radio
56%
Dark Paradise
55%
Sad Girl
55%
Salvatore
55%
Films et séries Young and Beautiful
55%
Art Deco
54%
National Anthem
53%
Carmen
52%
Cherry
52%
Lust for life Love
52%
Blue Banisters
49%
Cola
47%
A&W
46%
Did you know that there's a tunnel under Ocean Blvd
46%
Diet Mountain Dew
46%
Doin' Time
46%
Lolita
46%
Pretty When You Cry
46%
Happiness is a butterfly
44%
Margaret
44%
White Mustang
44%
Black Beauty
43%
Million Dollar Man
43%
Off To The Races
42%
The Other Woman
42%
High By The Beach
41%
Let the Light In
41%
Venice Bitch
41%
Old Money
39%
Shades Of Cool
39%
Dealer
37%
Paris, Texas
37%
Peppers
37%
Ultraviolence Cruel World
36%
This Is What Makes Us Girls
36%
Florida Kilos
35%
Freak
35%
Chemtrails over the Country Club White Dress
35%
Groupie Love
34%
Music To Watch Boys To
34%
Summer Bummer
34%
13 Beaches
33%
American
33%
California
33%
Gods & Monsters
33%
hope is a dangerous thing for a woman like me to have - but I have it
33%
Love song
33%
Money Power Glory
33%
Yayo
33%
24
32%
Bartender
32%
Guns and Roses
32%
Religion
32%
Sweet
32%
Did you know that there's a Tunnel under Ocean Blvd The Grants
32%
Beautiful
31%
Blue Velvet
31%
Fuck it I love you
31%
Mariners Apartment Complex
31%
Swan Song
31%
The Blackest Day
31%
The greatest
31%
Without You
31%
Arcadia
30%
Get Free
30%
Body Electric
29%
Candy Necklace
29%
Tulsa Jesus Freak
29%
Bel Air
28%
Fucked My Way Up To The Top
28%
Heroin
28%
How to disappear
28%
In My Feelings
28%
Lucky Ones
28%
Thunder
28%
Fishtail
27%
Burning Desire
26%
Fingertips
26%
God Knows I Tried
26%
Terrence Loves You
26%
Blue Banisters Text Book
26%
Living Legend
25%
Taco Truck x VB
25%
Change
24%
God Bless America - And All The Beautiful Women In It
24%
Beautiful People Beautiful Problems
23%
Violets for Roses
23%
When The World Was At War We Kept Dancing
23%
Yosemite
23%
Black Bathing Suit
22%
Cherry Blossom
22%
Coachella - Woodstock In My Mind
22%
Dark But Just A Game
22%
Kintsugi
22%
The Next Best American Record
22%
Tomorrow Never Came
22%
Don't Let Me Be Misunderstood
21%
Wild At Heart
21%
If You Lie Down With Me
20%
Let Me Love You Like A Woman
20%
Sweet Carolina
20%
Breaking Up Slowly
19%
For Free
19%
Once Upon a Dream
19%
Dance Till We Die
18%
Nectar Of The Gods
18%
Wildflower Wildfire
18%
Jon Batiste Interlude
17%
Interlude - The Trio
16%
Judah Smith Interlude
16%
Burnt Norton (Interlude)
15%
Grandfather please stand on the shoulders of my father while he's deep-sea fishing
15%
Not All Who Wander Are Lost
14%
Put Me In a Movie
13%
Big Eyes
12%
Flipside
12%
Lana Del Ray A.K.A Lizzy Grant Kill Kill
12%
Is This Happiness
9%
Queen of the Gas Station
9%
Smarty
8%
Watercolour Eyes
7%
Don't Call Me Angel
6%
Sirens For K (Part 1)
6%
For K Part 2
6%
Jump
6%
A Star For Nick
5%
Aviation
5%
Gramma (Blue Ribbon Sparkler Trailer Heaven)
5%
Mermaid Motel
5%
My Momma
5%
Pretty Baby
5%
Bad Disease
4%
Birds Of A Feather
4%
Next To Me
4%
Out With A Bang
4%
Pawn Shop Blues
4%
Raise Me Up (Mississippi South)
4%
Try Tonight
4%
Brite Lites
3%
Find My Own Way
3%
Pride
3%
Westbound
3%
I'm Indebited For You
2%
Oh Say You Can See
2%
All You Nead
1%
Life is Beautiful
1%
Money Hunny
1%
Aucun quiz correspondant
Distribution des résultats
% des personnes avec chaque résultat
Percentile par nombre de réponses
Votre historique - résultats
Vous n’avez pas pris ce quiz